| 000 | 06535nam a2200313 c 4500 | ||
|---|---|---|---|
| 999 |
_c332520 _d332520 |
||
| 003 | BLK | ||
| 005 | 20250102171801.0 | ||
| 008 | 180411b bul|||||r ||||||| ||bul|| | ||
| 010 | _aKNG00202997000 | ||
| 020 | _a978-619-161-200-0 | ||
| 040 | _aBLK | ||
| 041 |
_aBUL _cBUL |
||
| 072 | 7 |
_2bullib _aН83 _xЧужда художествена литература Н |
|
| 080 |
_aИспанска литература _b821.134.2 _x-31 _z821.134.2-31 |
||
| 100 | 1 |
_aМартинес де Писон, Игнасио _eпърви автор _9346384 |
|
| 139 |
_aМартинес де Писон, Игнасио _bМ 34 |
||
| 245 | 1 | 0 |
_aДобрата репутация _bРоман _cИгнасио Мартинес де Писон; прев. от исп. Румен Руменов. |
| 257 | _aSPA | ||
| 260 |
_bПерсей _c2019 _aСофия |
||
| 300 |
_a626 с. _c20 см |
||
| 380 | _aX | ||
| 500 | _aОриг. загл. El dia de manana / Ignacio Martinez de Pison. | ||
| 520 | _aИгнасио Мартинес де Писон е един от най-популярните писатели в съвременната испанска литература. Зад гърба си има много романи, сборници с разкази и сценарий за филм. Той е носител на множество престижни награди, като за романа си „Добрата репутация" (2014) печели Националната награда за литература на Испания. Романът „Добрата репутация" (издание на „Персей", превод Румен Руменов) е завладяваща семейна хроника, която се разгръща в рамките на трийсет години, изпълнени с много надежди и разбити мечти, щастие и разочарования, като всичко това се развива на фона на вълнуващи събития от испанската история. Роман за това, което наследяваме от миналото, и за нуждата да намерим своето място на този свят. 50-те години на ХХ век, Мелиля. Самуел е сефарадски евреин, а съпругата му Мерседес е католичка. Те водят спокоен и щастлив живот благодарение на процъфтяващия си бизнес. Въпреки това постепенната деколонизация на Мароко принуждава все повече испанци да бягат от Протектората и семейството на Самуел се изправя пред тежка дилема – да се преместят в Испания, държава, на която никога не са гледали като на свой дом, или да се установят в новосъздадената държава Израел. На фона на настъпващите радикални промени и постоянната несигурност съпрузите на средна възраст с тревога планират своето собствено бъдеще и това на двете си млади дъщери Мириам и Сара. 70-те години на ХХ век, Сарагоса. Испания бавно се пробужда за модерната епоха. Семейството се е разраснало и Мерседес се бори да го запази цяло и единно. Но всеки от членовете му крие своите тайни и вътрешни грижи – Мириам трябва да се справи с отчуждението, настъпило между нея и двамата й синове Даниел и Елиас, както и да реши проблемите в брака си, след като е разкрила лъжите на съпруга си; Сара е блудната дъщеря, която се завръща, след като преди години е избягала с годеника си, но макар че се опитва да създаде нов живот за себе си, неизказаните истини се издигат като преграда между нея и близките й. Семейните конфликти се задълбочават още повече след едно изненадващо завещание, което може завинаги да разруши и раздели семейството. Ще успеят ли да намерят правилния път помежду си и ще се възстановят ли дълбоките връзки между членовете на семейството, или съдбата ще ги отдалечи завинаги? Мартинес де Писóн е един от най-значимите испански писатели днес. Роден е в Сарагоса през 1960 г. Когато е деветгодишен, остава без баща. Учи в йезуитско училище, а след това завършва испанска филология в университета на Сарагоса и италианска в Барселона, където живее от 1982 г. Литературната си кариера започва през 1984 г. Автор е на 12 романа. По негови сценарии и романи са създадени няколко филма, сред които „Странични пътища" (с две филмови екранизации по този роман), „Тринайсетте рози" и „Чико и Рита", всичките с номинации за наградите „Гойя", а третият – с награда. Книгите му са получили общо 17 литературни награди, 5 от които са за романа „Присъдата на утрешния ден". | ||
| 653 | _aромани | ||
| 700 | 1 |
_aРуменов, Румен _eпрев. от исп. _9378051 |
|
| 852 |
_bП _cП 860-31/М 34 |
||
| 942 |
_cKNG _n0 _016 |
||
| 944 |
_k30530 _lМинев Младен |
||